Music Quiz

Random Music or Album Quiz

Beyoncé Singles Quiz Stats

 Plays Quiz not verified by Sporcle

Also try: Queen Songs
Challenge
Share
Tweet
Embed
Score 0/49 Timer 10:00
0 Plays Today
Album Song % Correct
Dangerously In Love Crazy In Love
91.5%
I Am... Sasha FierceSingle Ladies (Put A Ring On It)
84.1%
Beyoncé Drunk In Love
84.1%
Dangerously In Love Baby Boy
83.6%
I Am... Sasha FierceHalo
80.4%
Non-Album SinglePerfect
80.3%
I Am... Sasha FierceIf I Were A Boy
78.8%
LemonadeFormation
77.8%
LemonadeSorry
75.1%
4Run The World (Girls)
74.6%
B'Day Beautiful Liar
74.1%
B'DayIrreplaceable
72.5%
LemonadeHold Up
72%
B'Day Déjà Vu
71.4%
Everything Is LoveAPE****
71.4%
4Love On Top
70.9%
BeyoncéFlawless
69.8%
#1's Check On It
66.7%
Dreamgirls SoundtrackListen
66.7%
Dangerously In LoveNaughty Girl
66.1%
I Am... Sasha FierceDiva
66.1%
BeyoncéPartition
65.6%
I Am... Sasha FierceSweet Dreams
64.6%
BeyoncéXO
64%
Lemonade Freedom
63.5%
Album Song % Correct
4Countdown
61.4%
BeyoncéPretty Hurts
61.4%
4 Party
60.8%
I Am... Sasha FierceVideo Phone
60.3%
Austin Powers in Goldmember Soundtrack Work It Out
59.3%
Dangerously In LoveMe, Myself And I
57.1%
4Best Thing I Never Had
56.1%
I Am... Sasha FierceEgo
53.4%
LemonadeAll Night
53.4%
4End Of Time
51.9%
I Am... Sasha FierceBroken-Hearted Girl
50.8%
B'DayRing The Alarm
50.3%
B'DayGreen Light
48.1%
Beyoncé 7/11
45%
B'DayGet Me Bodied
43.9%
Cadillac Records: Music from the Motion PictureAt Last
34.9%
I Am... Sasha FierceWhy Don't You Love Me
32.8%
Dangerously In Love & Dance With My FatherThe Closer I Get To You
31.2%
The Fighting Temptations Soundtrack Fighting Temptation
29.6%
Beyoncé Ring Off
27%
FutureSex/LoveSoundsUntil The End Of Time
27%
The Fighting Temptations SoundtrackSummertime
21.7%
Everything Is LoveSummer
18.2%
Roll Bounce SoundtrackWishing On A Star
12.2%

You're not logged in!

Compare scores with friends on all Sporcle quizzes.
OR
Log In

You Might Also Like...

Show Comments

Extras

Top Quizzes Today


Score Distribution

Your Account Isn't Verified!

In order to create a playlist on Sporcle, you need to verify the email address you used during registration. Go to your Sporcle Settings to finish the process.

Report this User

Report this user for behavior that violates our Community Guidelines.

Details: